[Event "PNWCC-Bulgaria Hybrid m2"]
[Site "Chess.com INT"]
[Date "2021.12.23"]
[Round "12"]
[White "Sivakumar, Shaashwath"]
[Black "Krastev, Goran"]
[Result "0-1"]
[WhiteElo "2143"]
[BlackElo "2120"]
[PlyCount "52"]
[EventDate "2021.12.18"]
[EventType "team-match"]
[EventRounds "12"]
[EventCountry "USA"]
[SourceTitle "CBM 206 Extra"]
[Source "ChessBase"]
[SourceDate "2022.03.31"]
[SourceVersion "1"]
[SourceVersionDate "2022.03.31"]
[SourceQuality "1"]
[WhiteTeam "PNWCC"]
[BlackTeam "Bulgaria"]
[WhiteTeamCountry "USA"]
[BlackTeamCountry "BUL"]

1. d4 d5 2. c4 e6 3. Nf3 Nf6 4. g3 Be7 5. Bg2 0-0 6. 0-0 dxc4 7. Qc2 a6 8. a4 c5 9. dxc5 Nc6 10. Nbd2 Bxc5 11. Nxc4 Qe7 12. Rd1 e5 13. Bg5 h6 14. Be3 Ng4 15. Bxc5 Qxc5 16. e3 Be6 17. Nfd2 Rad8 18. Rac1 Nb4 19. Qb1 Nd3 20. Ne4 Nxc1 21. Rxd8 Rxd8 22. Nxc5 Rd1+ 23. Bf1 Bxc4 24. Qf5 Rxf1+ 25. Kg2 Nxe3+ 26. fxe3 Rxf5 0-1

[Event "PNWCC-Bulgaria Hybrid m2"]
[Site "Chess.com INT"]
[Date "2021.12.21"]
[Round "7"]
[White "Krastev, Goran"]
[Black "Zaloznyy, Mike"]
[Result "1/2-1/2"]
[WhiteElo "2120"]
[BlackElo "2011"]
[PlyCount "52"]
[EventDate "2021.12.18"]
[EventType "team-match"]
[EventRounds "12"]
[EventCountry "USA"]
[SourceTitle "CBM 206 Extra"]
[Source "ChessBase"]
[SourceDate "2022.03.31"]
[SourceVersion "1"]
[SourceVersionDate "2022.03.31"]
[SourceQuality "1"]
[WhiteTeam "Bulgaria"]
[BlackTeam "PNWCC"]
[WhiteTeamCountry "BUL"]
[BlackTeamCountry "USA"]

1. d4 Nf6 2. c4 b6 3. Nc3 Bb7 4. Qc2 d5 5. Nf3 e6 6. Bg5 Be7 7. cxd5 Nxd5 8. Bxe7 Qxe7 9. Nxd5 Bxd5 10. e4 Bb7 11. Rc1 0-0 12. Bc4 c5 13. 0-0 cxd4 14. Nxd4 Rc8 15. Qe2 Nc6 16. Nxc6 Rxc6 17. Ba6 Rac8 18. Rxc6 Rxc6 19. Bxb7 Qxb7 20. Rd1 Qc7 21. h3 Rc1 22. Rxc1 Qxc1+ 23. Kh2 Qc7+ 24. Kg1 Qc1+ 25. Kh2 Qc7+ 26. Kg1 Qc1+ 1/2-1/2

[Event "PNWCC-Bulgaria Hybrid m2"]
[Site "Chess.com INT"]
[Date "2021.12.20"]
[Round "6"]
[White "Liu, Kimberly"]
[Black "Krastev, Goran"]
[Result "0-1"]
[WhiteElo "1889"]
[BlackElo "2120"]
[PlyCount "124"]
[EventDate "2021.12.18"]
[EventType "team-match"]
[EventRounds "12"]
[EventCountry "USA"]
[SourceTitle "CBM 206 Extra"]
[Source "ChessBase"]
[SourceDate "2022.03.31"]
[SourceVersion "1"]
[SourceVersionDate "2022.03.31"]
[SourceQuality "1"]
[WhiteTeam "PNWCC"]
[BlackTeam "Bulgaria"]
[WhiteTeamCountry "USA"]
[BlackTeamCountry "BUL"]

1. f4 d5 2. Nf3 c6 3. g3 Bf5 4. Bg2 Nf6 5. 0-0 e6 6. d3 Bc5+ 7. Kh1 Nbd7 8. Qe1 Qb6 9. Nc3 Bb4 10. a3 Bxc3 11. Qxc3 0-0 12. h3 c5 13. g4 d4 14. Qe1 Bg6 15. e4 dxe3 16. Qxe3 c4 17. dxc4 Qxe3 18. Bxe3 Bxc2 19. Rac1 Be4 20. Rfd1 Rfd8 21. g5 Nh5 22. Rd4 Nb6 23. Rcd1 Rxd4 24. Rxd4 Bxf3 25. Bxf3 Ng3+ 26. Kg2 Nf5 27. Rd3 Nxe3+ 28. Rxe3 Nxc4 29. Rc3 Nd6 30. Rc7 Rb8 31. Rd7 Nc4 32. Bxb7 g6 33. Rc7 Nxb2 34. Ba6 Rb3 35. Rxa7 Rxa3 36. Ra8+ Kg7 37. Bb7 Rb3 38. Be4 Re3 39. Bc6 Rc3 40. Be4 Rc4 41. Kf3 Na4 42. Rd8 Nc3 43. Bd3 Rb4 44. Rc8 Nd5 45. Rc4 Rb3 46. Ke2 Rb2+ 47. Kf3 Rb3 48. Ke2 Nb4 49. Be4 Na2 50. Bf3 Rb2+ 51. Ke3 Nb4 52. h4 h5 53. Rc5 Rh2 54. Rb5 Nc2+ 55. Ke4 Ne1 56. Rb1 Nxf3 57. Kxf3 Rxh4 58. Kg3 Rg4+ 59. Kf3 e5 60. fxe5 Rxg5 61. Ke4 Rf5 62. Rb7 Kh6 0-1

[Event "PNWCC-Bulgaria Hybrid m2"]
[Site "Chess.com INT"]
[Date "2021.12.20"]
[Round "5"]
[White "Mei, Austin"]
[Black "Krastev, Goran"]
[Result "1/2-1/2"]
[WhiteElo "2069"]
[BlackElo "2120"]
[PlyCount "98"]
[EventDate "2021.12.18"]
[EventType "team-match"]
[EventRounds "12"]
[EventCountry "USA"]
[SourceTitle "CBM 206 Extra"]
[Source "ChessBase"]
[SourceDate "2022.03.31"]
[SourceVersion "1"]
[SourceVersionDate "2022.03.31"]
[SourceQuality "1"]
[WhiteTeam "PNWCC"]
[BlackTeam "Bulgaria"]
[WhiteTeamCountry "USA"]
[BlackTeamCountry "BUL"]

1. e4 g6 2. Nf3 Bg7 3. d4 d5 4. exd5 Qxd5 5. Nc3 Qd8 6. Bc4 Nf6 7. Bg5 c6 8. a4 0-0 9. h3 Nd5 10. 0-0 Be6 11. Qd2 Nxc3 12. Qxc3 Bxc4 13. Qxc4 Qd6 14. Rfe1 e6 15. Rad1 Nd7 16. Qb3 Qc7 17. c4 Rfe8 18. Bh4 Qb6 19. Qxb6 Nxb6 20. b3 h6 21. Bg3 Rad8 22. Be5 Re7 23. a5 Nc8 24. Bxg7 Kxg7 25. Kf1 Red7 26. Ke2 Ne7 27. g4 c5 28. dxc5 Nc6 29. Rxd7 Rxd7 30. a6 bxa6 31. Rd1 Rxd1 32. Kxd1 a5 33. Kd2 f5 34. gxf5 exf5 35. h4 Kf6 36. Ke3 g5 37. hxg5+ hxg5 38. Nd4 f4+ 39. Ke4 Nxd4 40. Kxd4 g4 41. Ke4 g3 42. fxg3 fxg3 43. Kf3 Ke7 44. Kxg3 Kd7 45. Kf3 Kc6 46. Ke4 Kxc5 47. Kd3 Kb4 48. Kc2 a4 49. bxa4 Kxc4 1/2-1/2

[Event "PNWCC-Bulgaria Hybrid"]
[Site "Chess.com INT"]
[Date "2021.08.28"]
[Round "2"]
[White "Krastev, Goran"]
[Black "Weng, Nicholas"]
[Result "1-0"]
[WhiteElo "2138"]
[BlackElo "1812"]
[PlyCount "49"]
[EventDate "2021.08.28"]
[EventType "team-match"]
[EventRounds "4"]
[EventCountry "USA"]
[SourceTitle "CBM 204 Extra"]
[Source "ChessBase"]
[SourceDate "2021.11.30"]
[SourceVersion "1"]
[SourceVersionDate "2021.11.30"]
[SourceQuality "1"]
[WhiteTeam "Bulgaria"]
[BlackTeam "PNWCC"]
[WhiteTeamCountry "BUL"]
[BlackTeamCountry "USA"]

1. e4 c5 2. c3 Nf6 3. e5 Nd5 4. d4 cxd4 5. cxd4 e6 6. Nc3 Nxc3 7. bxc3 b6 8. f4 Bb7 9. Nf3 d6 10. Bd3 Qc7 11. Bd2 Nd7 12. 0-0 Be7 13. Qe2 0-0 14. Rac1 Rac8 15. Be1 Rfe8 16. Bg3 Nf8 17. Qf2 Ng6 18. h4 Bxf3 19. Qxf3 Bxh4 20. Bxg6 Bxg3 21. Bd3 Bh4 22. Qh5 Bd8 23. Qxh7+ Kf8 24. Bb5 Ke7 25. Qxg7 1-0

[Event "PNWCC-Bulgaria Hybrid"]
[Site "Chess.com INT"]
[Date "2021.08.28"]
[Round "1"]
[White "Weng, Nicholas"]
[Black "Krastev, Goran"]
[Result "0-1"]
[WhiteElo "1812"]
[BlackElo "2138"]
[PlyCount "90"]
[EventDate "2021.08.28"]
[EventType "team-match"]
[EventRounds "4"]
[EventCountry "USA"]
[SourceTitle "CBM 204 Extra"]
[Source "ChessBase"]
[SourceDate "2021.11.30"]
[SourceVersion "1"]
[SourceVersionDate "2021.11.30"]
[SourceQuality "1"]
[WhiteTeam "PNWCC"]
[BlackTeam "Bulgaria"]
[WhiteTeamCountry "USA"]
[BlackTeamCountry "BUL"]

1. e4 c5 2. Nf3 g6 3. d4 cxd4 4. Nxd4 Bg7 5. Nc3 Nc6 6. Be3 Qa5 7. Bc4 Qb4 8. Ndb5 Qxc4 9. Nc7+ Kf8 10. Nxa8 Bxc3+ 11. bxc3 Qxc3+ 12. Kf1 Qe5 13. Rb1 Qb8 14. Bd4 Nxd4 15. Qxd4 f6 16. Nb6 axb6 17. Qxb6 Ke8 18. a4 e6 19. g3 Qe5 20. f3 Ne7 21. Kf2 Qc3 22. Qb3 Qd2+ 23. Kf1 b6 24. Qd3 Qa5 25. Kg2 Kf7 26. Rhd1 Qxa4 27. Rxb6 Rd8 28. Qc3 Qa7 29. Rdd6 g5 30. Qd4 Qc7 31. c4 Bb7 32. c5 Bc6 33. Qb4 Ra8 34. Kh3 h5 35. Qb2 g4+ 36. fxg4 hxg4+ 37. Kxg4 Bxe4 38. Rb5 Rg8+ 39. Kh3 Bf3 40. Rd4 Qe5 41. c6 Rh8+ 42. Rh4 Qe4 43. Rg5 fxg5 44. Qxh8 g4+ 45. Rxg4 Qxg4# 0-1

[Event "PNWCC-Plovdiv FIDE Hybrid II m2"]
[Site "Chess.com INT"]
[Date "2021.07.27"]
[Round "4.2"]
[White "Krastev, Goran"]
[Black "Levine, Joseph1111"]
[Result "0-1"]
[WhiteElo "2140"]
[BlackElo "2025"]
[PlyCount "84"]
[EventDate "2021.07.24"]
[EventType "schev"]
[EventRounds "8"]
[EventCountry "USA"]
[SourceTitle "EXT 2022"]
[Source "ChessBase"]
[SourceDate "2021.10.06"]
[SourceVersion "1"]
[SourceVersionDate "2021.10.06"]
[SourceQuality "1"]
[WhiteTeam "Plovdiv"]
[BlackTeam "PNWCC"]
[WhiteTeamCountry "BUL"]
[BlackTeamCountry "USA"]

1. e4 e6 2. d4 d5 3. Nc3 Nf6 4. Bg5 Be7 5. e5 Nfd7 6. h4 h6 7. Bxe7 Qxe7 8. f4 a6 9. Qg4 0-0 10. Nf3 c5 11. h5 cxd4 12. Nxd4 Nc6 13. Nxc6 bxc6 14. 0-0-0 f5 15. Qf3 Rb8 16. Rg1 Qb4 17. b3 c5 18. Rd2 Bb7 19. Nb1 c4 20. Qc3 Qb6 21. Qd4 Nc5 22. g4 fxg4 23. Rxg4 a5 24. Qg1 Rf7 25. f5 cxb3 26. axb3 exf5 27. Rg6 Bc6 28. Rxd5 Nxb3+ 29. cxb3 Qxg1 30. Rxg1 Bxd5 31. Nd2 Rc7+ 32. Bc4 a4 33. Kd1 Bxc4 34. bxc4 Rxc4 35. Ke2 Rh4 36. Rc1 Rh2+ 37. Ke1 Rh1+ 38. Nf1 Rb5 39. Rc8+ Kh7 40. e6 Rb1+ 41. Kd2 Rhxf1 42. e7 Rbd1+ 0-1

[Event "PNWCC-Plovdiv FIDE Hybrid II m2"]
[Site "Chess.com INT"]
[Date "2021.07.25"]
[Round "2.2"]
[White "Krastev, Goran"]
[Black "Jiang, Brandon"]
[Result "1-0"]
[WhiteElo "2140"]
[BlackElo "1954"]
[PlyCount "101"]
[EventDate "2021.07.24"]
[EventType "schev"]
[EventRounds "8"]
[EventCountry "USA"]
[SourceTitle "EXT 2022"]
[Source "ChessBase"]
[SourceDate "2021.10.06"]
[SourceVersion "1"]
[SourceVersionDate "2021.10.06"]
[SourceQuality "1"]
[WhiteTeam "Plovdiv"]
[BlackTeam "PNWCC"]
[WhiteTeamCountry "BUL"]
[BlackTeamCountry "USA"]

1. e4 e5 2. d4 exd4 3. Nf3 Nc6 4. Bc4 Nf6 5. e5 d5 6. Bb5 Ne4 7. Nxd4 Bc5 8. Be3 0-0 9. Nxc6 bxc6 10. Bxc5 Nxc5 11. Bxc6 Rb8 12. Qxd5 Qe7 13. 0-0 Rd8 14. Qf3 Rxb2 15. Nc3 Rxc2 16. Nd5 Qg5 17. Rad1 Ne6 18. g3 Rd2 19. Rxd2 Qxd2 20. Rd1 Nd4 21. Qh5 Qxd1+ 22. Qxd1 Nxc6 23. Qc1 Rxd5 24. Qxc6 Rd7 25. Qa8 Rd8 26. f4 h6 27. Qb8 Kh7 28. Kf2 Re8 29. Qxc7 Be6 30. a4 a6 31. Qc6 Rb8 32. Qxa6 Rb2+ 33. Ke3 Rxh2 34. a5 Rg2 35. Qd3+ g6 36. Kd4 Bf5 37. Qb3 Be6 38. Qc3 Ra2 39. Kc5 h5 40. Kb6 Ra4 41. a6 Rc4 42. Qa3 Bf5 43. Qf8 Be6 44. a7 Rc8 45. Qxc8 Bxc8 46. a8Q Bf5 47. Qd8 Kg7 48. Kc5 Bg4 49. Kd6 Bf5 50. Ke7 Be6 51. Qf8+ 1-0

[Event "Primorsko op-B"]
[Site "Primorsko"]
[Date "2019.09.19"]
[Round "4"]
[White "Krastev, Goran"]
[Black "Vandev, Dimitar"]
[Result "1-0"]
[WhiteElo "2077"]
[BlackElo "2026"]
[PlyCount "61"]
[EventDate "2019.09.16"]
[EventType "swiss"]
[EventRounds "7"]
[EventCountry "BUL"]
[SourceTitle "EXT 2020"]
[Source "ChessBase"]
[SourceDate "2019.10.17"]
[SourceVersion "1"]
[SourceVersionDate "2019.10.17"]
[SourceQuality "1"]

1. e4 e6 2. d4 b6 3. c3 Bb7 4. Bd3 d5 5. e5 Qd7 6. Ne2 c5 7. 0-0 Ne7 8. Ng3 g6 9. Na3 Ba6 10. Nc2 Bxd3 11. Qxd3 Nbc6 12. Ne3 cxd4 13. Ng4 Ng8 14. Bg5 h5 15. Nf6+ Nxf6 16. Bxf6 Rg8 17. cxd4 Be7 18. Bxe7 Nxe7 19. Rfc1 Rc8 20. Qa3 Rc7 21. Ne2 Kf8 22. Rxc7 Qxc7 23. Rc1 Qd8 24. Qxa7 Kg7 25. Rc7 Re8 26. Nc3 Kg8 27. Rd7 Qc8 28. Rxe7 Rxe7 29. Qxe7 Qa6 30. Qe8+ Kg7 31. Qb5 1-0

[Event "Primorsko op-B"]
[Site "Primorsko"]
[Date "2019.09.16"]
[Round "1"]
[White "Borisov, Lubomir"]
[Black "Krastev, Goran"]
[Result "0-1"]
[WhiteElo "1767"]
[BlackElo "2077"]
[PlyCount "73"]
[EventDate "2019.09.16"]
[EventType "swiss"]
[EventRounds "7"]
[EventCountry "BUL"]
[SourceTitle "EXT 2020"]
[Source "ChessBase"]
[SourceDate "2019.10.17"]
[SourceVersion "1"]
[SourceVersionDate "2019.10.17"]
[SourceQuality "1"]

1. d4 d5 2. Nf3 Nf6 3. Bf4 Bf5 4. e3 e6 5. Bd3 Ne4 6. 0-0 Nd7 7. c4 c6 8. Nc3 Ndf6 9. Ne5 Bd6 10. f3 Nxc3 11. bxc3 Bxd3 12. Qxd3 Nh5 13. cxd5 Nxf4 14. exf4 Bxe5 15. fxe5 Qxd5 16. c4 Qd7 17. Qe4 0-0 18. Rab1 Rfd8 19. Rfd1 Rab8 20. a4 Qc7 21. f4 Qa5 22. Qc2 g6 23. g4 Rd7 24. Rd2 Rbd8 25. Rbd1 Qb4 26. Rb1 Qe7 27. c5 Rxd4 28. Rf2 Qh4 29. Qe2 R8d7 30. a5 a6 31. Qf3 Rd3 32. Qg2 Qe7 33. Rc2 Rd1+ 34. Rxd1 Rxd1+ 35. Kf2 Qd8 36. Qe4 Qh4+ 37. Ke2 0-1

[Event "Primorsko op-A"]
[Site "Primorsko"]
[Date "2019.09.16"]
[Round "2"]
[White "Genov, Petko"]
[Black "Krastev, Goran"]
[Result "1/2-1/2"]
[WhiteElo "2235"]
[BlackElo "2077"]
[PlyCount "25"]
[EventDate "2019.09.15"]
[EventType "swiss"]
[EventRounds "9"]
[EventCountry "BUL"]
[SourceTitle "EXT 2020"]
[Source "ChessBase"]
[SourceDate "2019.10.17"]
[SourceVersion "1"]
[SourceVersionDate "2019.10.17"]
[SourceQuality "1"]

1. d4 d5 2. c4 e6 3. Nf3 Nf6 4. Nc3 Bb4 5. Bg5 dxc4 6. e4 c5 7. Bxc4 cxd4 8. Nxd4 Bxc3+ 9. bxc3 Qa5 10. Bxf6 gxf6 11. 0-0 a6 12. Qf3 Nd7 13. Bb3 1/2-1/2

[Event "Primorsko op"]
[Site "Primorsko"]
[Date "2018.09.22"]
[Round "7"]
[White "Arnaudov, Petar"]
[Black "Krastev, Goran"]
[Result "0-1"]
[WhiteElo "2008"]
[BlackElo "2055"]
[PlyCount "140"]
[EventDate "2018.09.16"]
[EventType "swiss"]
[EventRounds "9"]
[EventCountry "BUL"]
[SourceTitle "CBM 186 Extra"]
[Source "ChessBase"]
[SourceDate "2018.08.24"]
[SourceVersion "1"]
[SourceVersionDate "2018.08.24"]
[SourceQuality "1"]

1. e4 c5 2. Nc3 a6 3. g3 b5 4. Bg2 Bb7 5. d3 e6 6. f4 Be7 7. Nf3 b4 8. Ne2 d5 9. e5 d4 10. 0-0 h5 11. f5 exf5 12. Nf4 Rh6 13. h4 Nd7 14. Qe2 Nf8 15. Ng5 Bxg2 16. Qxg2 Qc8 17. Bd2 Bxg5 18. hxg5 Rb6 19. Rae1 g6 20. Nd5 Rc6 21. c3 bxc3 22. bxc3 dxc3 23. Bxc3 Ra7 24. Ba5 Rb7 25. Rb1 Rb5 26. Qd2 Ne6 27. a4 Rxb1 28. Rxb1 Kf8 29. Nf6 Kg7 30. Qe3 Ne7 31. Kh2 Qa8 32. Bd2 Rc7 33. a5 Nd4 34. Bc3 Ne6 35. Rb2 Nd5 36. Nxd5 Qxd5 37. Rb6 Rc6 38. Qd2 Nd4 39. Bxd4 cxd4 40. Qg2 Qxg2+ 41. Kxg2 Re6 42. Kf3 Rxe5 43. Rxa6 Re3+ 44. Kf4 Rxd3 45. Rd6 Ra3 46. a6 d3 47. Ke3 d2+ 48. Kxd2 Kf8 49. Rb6 Ke7 50. Kc2 Kf8 51. Kb2 Ra5 52. Kb3 Ra1 53. Kb4 f4 54. gxf4 h4 55. f5 gxf5 56. Kb5 f4 57. Rd6 h3 58. Rd2 Kg7 59. Rh2 f3 60. Kb6 Kg6 61. a7 Kxg5 62. Rxh3 Kg4 63. Rh1 Ra3 64. Rg1+ Kf4 65. Rf1 f5 66. Kb7 Kg3 67. Rg1+ Kh3 68. Rg5 f4 69. Rd5 Rxa7+ 70. Kxa7 f2 0-1

[Event "Primorsko op"]
[Site "Primorsko"]
[Date "2018.09.18"]
[Round "3"]
[White "Dimitrov, Radoslav"]
[Black "Krastev, Goran"]
[Result "1-0"]
[WhiteElo "2530"]
[BlackElo "2055"]
[PlyCount "47"]
[EventDate "2018.09.16"]
[EventType "swiss"]
[EventRounds "9"]
[EventCountry "BUL"]
[SourceTitle "CBM 186 Extra"]
[Source "ChessBase"]
[SourceDate "2018.08.24"]
[SourceVersion "1"]
[SourceVersionDate "2018.08.24"]
[SourceQuality "1"]

1. Nc3 g6 2. d4 d5 3. e4 dxe4 4. Nxe4 Bg7 5. c3 Nf6 6. Nxf6+ exf6 7. Bc4 0-0 8. Ne2 c6 9. 0-0 Be6 10. Bxe6 fxe6 11. Nf4 Re8 12. Re1 Kf7 13. Rxe6 Rxe6 14. Nxe6 Kxe6 15. Qb3+ Kf5 16. f3 h5 17. g4+ hxg4 18. fxg4+ Ke4 19. Qe6+ Kf3 20. Qe3+ Kxg4 21. Qf4+ Kh5 22. Qf3+ Kh4 23. Qg3+ Kh5 24. Qh3# 1-0

[Event "Primorsko op"]
[Site "Primorsko"]
[Date "2018.09.17"]
[Round "2"]
[White "Krastev, Goran"]
[Black "Velikov, Petar"]
[Result "1/2-1/2"]
[WhiteElo "2055"]
[BlackElo "2407"]
[PlyCount "57"]
[EventDate "2018.09.16"]
[EventType "swiss"]
[EventRounds "9"]
[EventCountry "BUL"]
[SourceTitle "CBM 186 Extra"]
[Source "ChessBase"]
[SourceDate "2018.08.24"]
[SourceVersion "1"]
[SourceVersionDate "2018.08.24"]
[SourceQuality "1"]

1. d4 d5 2. Nf3 Nf6 3. g3 Bf5 4. Bg2 e6 5. 0-0 Be7 6. b3 0-0 7. Bb2 a5 8. Nbd2 a4 9. c4 Nbd7 10. Ne5 c6 11. Nxd7 Qxd7 12. c5 b6 13. b4 Rfb8 14. a3 bxc5 15. dxc5 Qb7 16. Qc1 Rd8 17. Nf3 Be4 18. Ne5 Bxg2 19. Kxg2 Nd7 20. f4 Nxe5 21. fxe5 Qb5 22. Qe3 Qc4 23. Bd4 Bg5 24. Qxg5 Qxd4 25. Qf4 Qxf4 26. gxf4 Ra7 27. Rfd1 Rf8 28. Rf1 Rd7 29. e3 1/2-1/2

[Event "Primorsko op"]
[Site "Primorsko"]
[Date "2018.09.16"]
[Round "1"]
[White "Tsenkov, Tsenko"]
[Black "Krastev, Goran"]
[Result "0-1"]
[WhiteElo "1490"]
[BlackElo "2055"]
[PlyCount "64"]
[EventDate "2018.09.16"]
[EventType "swiss"]
[EventRounds "9"]
[EventCountry "BUL"]
[SourceTitle "CBM 186 Extra"]
[Source "ChessBase"]
[SourceDate "2018.08.24"]
[SourceVersion "1"]
[SourceVersionDate "2018.08.24"]
[SourceQuality "1"]

1. e4 c5 2. Nf3 g6 3. d4 cxd4 4. Nxd4 Bg7 5. Bc4 Nc6 6. Nxc6 bxc6 7. 0-0 Qc7 8. c3 Nf6 9. Re1 d6 10. h3 0-0 11. Bg5 h6 12. Bf4 e5 13. Bd2 d5 14. exd5 cxd5 15. Bb3 Bb7 16. Qc1 Kh7 17. Na3 Rfe8 18. Nc2 a5 19. Ne3 Qc6 20. f3 a4 21. Bc2 a3 22. bxa3 e4 23. fxe4 Nxe4 24. Bxe4 Rxe4 25. Rb1 d4 26. cxd4 Rxe3 27. Qxc6 Rxe1+ 28. Bxe1 Bxd4+ 29. Kh1 Bxc6 30. Bb4 Re8 31. Rf1 Kg8 32. Rc1 Re6 0-1

[Event "Albena op-A"]
[Site "Albena"]
[Date "2016.06.24"]
[Round "7"]
[White "Krastev, Goran"]
[Black "Tsaruk, Maksim"]
[Result "0-1"]
[WhiteElo "2154"]
[BlackElo "2045"]
[PlyCount "116"]
[EventDate "2016.06.18"]
[EventType "swiss"]
[EventRounds "9"]
[EventCountry "BUL"]
[SourceTitle "CBM 173 Extra"]
[Source "ChessBase"]
[SourceDate "2016.08.29"]
[SourceVersion "1"]
[SourceVersionDate "2016.08.29"]
[SourceQuality "1"]

1. e4 e5 2. d4 exd4 3. Nf3 Nc6 4. Bc4 Nf6 5. e5 d5 6. Bb5 Ne4 7. Nxd4 Bd7 8. Bxc6 bxc6 9. 0-0 Bc5 10. f3 Ng5 11. f4 Ne4 12. Nc3 Nxc3 13. bxc3 Qe7 14. Qe1 f6 15. exf6 gxf6 16. Qg3 0-0-0 17. Re1 Qd6 18. Qd3 Bb6 19. a4 c5 20. Ba3 c4 21. Bxd6 cxd3 22. Be7 d2 23. Red1 Rde8 24. Bxf6 Rhf8 25. Be5 Ba5 26. Nf3 Rxe5 27. fxe5 Bxc3 28. Ra3 Bb4 29. Ra2 Rf4 30. Kf2 a5 31. h3 h5 32. Kg3 Re4 33. Nxd2 Rd4 34. c3 Bxc3 35. Rc2 Rd3+ 36. Kh4 Bxa4 37. Rxc3 Rd4+ 38. Kxh5 Bxd1+ 39. Nf3 Re4 40. Kg6 Bxf3 41. Rxf3 c5 42. Kf5 c4 43. Ra3 Re2 44. Rxa5 Kc7 45. Rxd5 Kc6 46. Rd6+ Kc5 47. g4 c3 48. Rd8 c2 49. e6 Kc6 50. Rc8+ Kd6 51. Rc3 Re5+ 52. Kf4 Rc5 53. Rxc2 Rxc2 54. Kf5 Rh2 55. g5 Rxh3 56. Kf6 Rf3+ 57. Kg7 Kxe6 58. g6 Rg3 0-1

[Event "Sofia MGU op 128th"]
[Site "Sofia"]
[Date "2014.12.07"]
[Round "5"]
[White "Krastev, Goran"]
[Black "Metev, Martin"]
[Result "1-0"]
[WhiteElo "2041"]
[BlackElo "2009"]
[PlyCount "87"]
[EventDate "2014.12.06"]
[EventType "swiss"]
[EventRounds "6"]
[EventCountry "BUL"]
[SourceTitle "CBM 163 Extra"]
[Source "ChessBase"]
[SourceDate "2014.12.23"]
[SourceVersion "1"]
[SourceVersionDate "2014.12.23"]
[SourceQuality "1"]

1. e4 e6 2. d4 d5 3. e5 c5 4. b4 cxb4 5. a3 bxa3 6. c3 f6 7. Bd3 Qc7 8. f4 f5 9. Nf3 g6 10. 0-0 Nc6 11. Bxa3 Bxa3 12. Nxa3 a6 13. Nb5 Qe7 14. h3 Nh6 15. Nd6+ Kf8 16. Ng5 Nd8 17. g4 Nhf7 18. gxf5 Nxg5 19. f6 Nxh3+ 20. Kh2 Qc7 21. Kxh3 Nf7 22. Nxf7 Kxf7 23. Rf3 Bd7 24. Kg2 Bb5 25. Bb1 Qc4 26. Ra2 Rac8 27. Rg3 Ke8 28. Rf2 Bd7 29. Qh1 Kd8 30. Bxg6 Kc7 31. Bf7 Rcf8 32. Rg7 Kb8 33. Qb1 Qc8 34. Qb4 Ka8 35. Qe7 h6 36. Kh2 Rd8 37. Qb4 Qc6 38. Rb2 Rb8 39. Qb6 Qxc3 40. Bh5 Bb5 41. Qxb5 Qe1 42. Qe2 Qh4+ 43. Kg2 Qxf4 44. Rbxb7 1-0

[Event "BUL-chT GpB 63rd"]
[Site "Sunny Beach"]
[Date "2013.09.23"]
[Round "7.4"]
[White "Krastev, Goran"]
[Black "Todorov, Momchil"]
[Result "0-1"]
[WhiteElo "1971"]
[BlackElo "2230"]
[PlyCount "96"]
[EventDate "2013.09.19"]
[EventType "team-tourn"]
[EventRounds "9"]
[EventCountry "BUL"]
[SourceTitle "CBM 156 Extra"]
[Source "ChessBase"]
[SourceDate "2013.10.22"]
[SourceVersion "1"]
[SourceVersionDate "2013.10.22"]
[SourceQuality "1"]
[WhiteTeam "Sofia CSKA"]
[BlackTeam "Sofia Slavia"]
[WhiteTeamCountry "BUL"]
[BlackTeamCountry "BUL"]

1. d4 Nf6 2. f4 d5 3. Nf3 c5 4. e3 Nc6 5. c3 cxd4 6. exd4 Bf5 7. Ne5 Nd7 8. Nd2 e6 9. Be2 f6 10. Nxd7 Qxd7 11. 0-0 Bd6 12. Nf3 0-0 13. Nh4 Be4 14. Bd3 e5 15. Bxe4 dxe4 16. Qb3+ Kh8 17. Qd5 exd4 18. cxd4 f5 19. Bd2 Rad8 20. g3 Be7 21. Qxd7 Rxd7 22. Bc3 Bxh4 23. gxh4 Nxd4 24. Rfd1 Ne2+ 25. Kf1 Rxd1+ 26. Rxd1 Nxc3 27. bxc3 h5 28. Rd7 Rf6 29. Rxb7 Ra6 30. Rb2 Kg8 31. Ke2 Kf7 32. Ke3 Ke6 33. Rg2 Ra3 34. Kd4 Kf6 35. Rd2 Ra6 36. Ke3 Rc6 37. Rc2 Rd6 38. c4 Rd3+ 39. Ke2 Ke6 40. Rb2 Rf3 41. Rb7 Rxf4 42. Rxg7 Rxh4 43. Rxa7 Ke5 44. c5 Rxh2+ 45. Kd1 Kd5 46. Rf7 Rf2 47. Ke1 e3 48. Rh7 Rxa2 0-1

[Event "BUL-chT-B 62nd"]
[Site "Sunny Beach"]
[Date "2012.09.19"]
[Round "1.5"]
[White "Stoynov, Yordan"]
[Black "Krastev, Goran"]
[Result "1-0"]
[WhiteElo "2235"]
[BlackElo "1982"]
[PlyCount "36"]
[EventDate "2012.09.19"]
[EventType "team-swiss"]
[EventRounds "7"]
[EventCountry "BUL"]
[SourceTitle "CBM 150 Extra"]
[Source "ChessBase"]
[SourceDate "2012.10.19"]
[SourceVersion "1"]
[SourceVersionDate "2012.10.19"]
[SourceQuality "1"]
[WhiteTeam "Sofia Slavia"]
[BlackTeam "Sofia CSKA"]
[WhiteTeamCountry "BUL"]
[BlackTeamCountry "BUL"]

1. e4 c5 2. Nf3 Nc6 3. d4 cxd4 4. Nxd4 g6 5. Nc3 Bg7 6. Nde2 d6 7. h3 Nf6 8. g3 0-0 9. Bg2 Qa5 10. Be3 Bd7 11. g4 Ne5 12. b3 Rfc8 13. Qd2 Bc6 14. 0-0 Rc7 15. Rac1 Rac8 16. Nd5 Qxd2 17. Bxd2 b6 18. f4 Ned7 1-0

[Event "Sofia op 2nd"]
[Site "Sofia"]
[Date "2011.10.08"]
[Round "8"]
[White "Stoyanov, Tihomir"]
[Black "Krastev, Goran"]
[Result "0-1"]
[WhiteElo "2190"]
[BlackElo "1972"]
[PlyCount "52"]
[EventDate "2011.10.03"]
[EventType "swiss"]
[EventRounds "9"]
[EventCountry "BUL"]
[SourceTitle "CBM 144 Extra"]
[Source "ChessBase"]
[SourceDate "2011.10.28"]
[SourceVersion "1"]
[SourceVersionDate "2011.10.28"]
[SourceQuality "1"]

1. e4 c5 2. Nc3 a6 3. b3 b5 4. d4 cxd4 5. Qxd4 Nc6 6. Qe3 e6 7. Bd3 Bb7 8. Nge2 Nf6 9. 0-0 Qc7 10. h3 Ne5 11. Rd1 Rc8 12. Bb2 Bc5 13. Qd2 h5 14. Qf4 Nxd3 15. cxd3 Qxf4 16. Nxf4 Bd6 17. Ncd5 Nxd5 18. Nxd5 exd5 19. Bxg7 Rg8 20. Bf6 Be7 21. Be5 dxe4 22. dxe4 Bxe4 23. Re1 Bxg2 24. Kh2 Bd5 25. Rg1 Rxg1 26. Rxg1 d6 0-1